00602nam a2200193Ia 4500001001000000003000500010008004100015010001100056040000900067082001900076100002300095245007500118260008200193300001000275440001800285500004600303650002900349650003000378Para_7423CHAP220125s1938 xx 000 0 und d a206290 cCHAP aPA-C 632.3 B85 aSchneiderhan, F.J. aControl of cherry leaf-spot in west virginia /c by F.J. Schneidarhan aMorgantown, Va. :b West Virginia University. Agricultural Experiment Station a13 p. aBulletin; 288 aEncuadernado con otros impresos similares aCereales x enfermedades aCultivos x enfermedades